000 00315nam a2200133Ia 4500
005 20251222144741.0
008 251222s9999||||xx |||||||||||||| ||spa||
020 _a987-1138-24-5
082 _a869.335/N44N
100 _aNeruda, Pablo
245 0 _aNuevas Odas Elementales:
264 _bDe Bolsillo
942 _cLIB
999 _c18981
_d18981